| 000 | 00413 a2200157 4500 | ||
|---|---|---|---|
| 020 | _a 1902343255 | ||
| 040 |
_aDLC _bDLC |
||
| 082 | _a 658.404 NCC | ||
| 100 | _a NCC | ||
| 245 | _aPractical Business Management | ||
| 260 |
_aSingapore: _bNCC Education Services, _c1999. |
||
| 300 |
_a237 p. : _bill. ; _c24 cm. _fProject Report |
||
| 500 | _aIncludes Index | ||
| 650 | _a Business. | ||
| 942 |
_cBK _k658.404 NCC _2ddc |
||
| 999 |
_c8759 _d8759 |
||